| 000 | 00413 a2200145 4500 | ||
|---|---|---|---|
| 005 | 20250317064834.0 | ||
| 020 | _a978-0-07-351184-9 | ||
| 082 | _a349.730 NOL | ||
| 100 | _aNOLFI, E. A. | ||
| 245 | _aLegal Terminology Explained | ||
| 260 |
_aNew York, _bMc Graw-Hill, _c2009. |
||
| 300 |
_axix, 407p.: ill.; figure, map, table. _bIndex. _c28cm. |
||
| 856 |
_yAccess online book _fLegal _dwww.mhhe.com |
||
| 942 |
_2ddc _cBKS |
||
| 999 |
_c716 _d716 |
||